=LDR 00000nam 2200000 4500 =001 INLIS000000000021710 =005 20210805085025 =035 ##$$a 0010-061300000021710 =008 210805################g##########0#ind## =041 ##$$a Ind =082 ##$$a 346.07 =090 ##$$a 650.026, Sim a =100 ##$$a Simatupang, Richard Burton =245 1#$$a Aspek hukum dalam bisnis /$c Richard Burton Simatupang =260 ##$$a Jakarta :$b Rineka Cipta,$c 2003 =300 ##$$a x, 311 hlm, ; $c 23 x 16 cm. =650 #4$$a Hukum Dagang =850 ##$$a NBPNMAT =020 ##$$a 979-518-664-7 =084 ##$$a 346.07 SIM a =990 ##$$a 40600127 =990 ##$$a 20610983 =990 ##$$a 00084716 =990 ##$$a 20610981 =990 ##$$a 40600128 =990 ##$$a 00089708 =990 ##$$a 40600129 =990 ##$$a 30701325 =990 ##$$a 00084716 =990 ##$$a 40600127 =990 ##$$a 20610983 =990 ##$$a 20610981 =990 ##$$a 40600128 =990 ##$$a 00089708 =990 ##$$a 40600129 =990 ##$$a 30701325